01430cam a2200325 a 4500001001400000003000800014005001700022006001900039007001500058008004100073020003800114040003000152050001100182082001600193245011900209260005300328300004400381500003600425520027200461521001700733588004700750504005100797650004100848650001600889655002900905700002200934710001600956776003500972856009701007EDZ0000019065StDuBDS20161031105143.0m||||||||d||||||||cr |||||||||||110107s2011 cau fo 001|0|eng|d a9781412979320 (ebook) :cNo price aStDuBDSbengcStDuBDSepn 4aHD62.604a658.04822200aLeadership in nonprofit organizationsh[electronic resource] :ba reference handbook /cKathryn Ann Agard, editor. aLos Angeles, [Calif.] ;aLondon :bSAGE,cc2011. a1 online resource (2 v. (xxx, 1026 p.)) a"A SAGE reference publication."8 aThis work tackles issues and leadership topics for those seeking to understand more about this dynamic sector of society. A major focus of this two-volume reference work is on the specific roles and skills required of the non-profit leader in voluntary organizations. aSpecialized. aDescription based on print version record. aIncludes bibliographical references and index. 0aNonprofit organizationsxManagement. 0aLeadership. 7aElectronic books.2local1 aAgard, Kathryn A.2 aSage eBooks08iPrint version :z978141296886740uhttp://ezproxy.alfaisal.edu/login?url=http://sk.sagepub.com/reference/nonprofitorganizations